Znani Polacy #1 - Statystyki

Ogólne statystyki
  • Ten quiz został rozwiązany 14 420 razy
    14 251 od ostatniego zresetowania
  • Średni wynik to 14 z 22
Statystyki odpowiedzi
Wskazówka Imię i nazwisko % Poprawnych
Odkryła Rad i Polon Maria Skłodowska-Curie
97%
Legendarny skoczek narciarski Adam Małysz
95%
Napisał ,,Pana Tadeusza" Adam Mickiewicz
95%
Papież Polak Karol Wojtyła
91%
Najlepszy Polski piłkarz w XXI wieku Robert Lewandowski
91%
Prezydent który zginął w Smoleńsku Lech Kaczyński
90%
Zdobywca pokojowej nagrody Nobla Lech Wałęsa
87%
Pierwszy król Polski Bolesław Chrobry
85%
Najbardziej znany polski kompozytor, tworzył w romantyzmie Fryderyk Chopin
85%
Zdobywca literackiej Nagrody Nobla,napisał ,,Quo Vadis" Henryk Sienkiewicz
82%
Były prezes PZPN oraz wiceprezes UEFA, podczas kariery piłkarskiej grał m.in. w Juventusie Zbigniew Boniek
73%
Ostatni król Polski Stanisław August Poniatowski
72%
Postać uważana za bohatera niepodległości USA, wydał Uniwersał połaniecki Tadeusz Kościuszko
65%
Ksiądz, który został zabity przez komunistów Jerzy Popiełuszko
59%
Pierwszy prezydent III RP Wojciech Jaruzelski
57%
Prezydent II RP, został zabity kilka dni poobjęciu stanowiska Gabriel Narutowicz
51%
Pierwszy sekretarz PZPR w latach 1947–1952 Bolesław Bierut
36%
Pierwszy Polak w kosmosie Mirosław Hermaszewski
31%
Zdobywca wszystkich 8-tysięczników jako 2 druga osoba na świecie (Bez wsparcia tlenowego) Jerzy Kukuczka
21%
Założyciel Monara oraz Markota Marek Kotański
11%
Rozszyfrował enigmę Marian Rejewski | Henryk Zygalski | Jerzy Różycki
10%
Odkrywca pierwszych 3 planet poza Układem Słonecznym Aleksander Wolszczan
5%
Nie znaleziono quizów pasujących do podanych kryteriów
Rozkład punktacji
Procent ludzi z każdym wynikiem
Percentyl według liczby udzielonych odpowiedzi
Twoja historia wyników
Nie rozwiązałeś tego quizu od ostatniego zresetowania